000 00743nam a2200229Ia 4500
999 _c54356
_d54356
001 21412
003 GE_BSU
005 20211110173649.0
008 181216s2012||||Fr |||||||||||||| ||fre||
020 _a9782011558107
040 _cGE_BSU
080 _a811.133.1 A-44
245 _aAlter Ego + A1 :
_bMethode de francais /
_cCaterine Hugont, Véronique M. Kizirian, Monique Waendendries, Annie Berthet, Emmanuel Daill.
264 _aParis,
_bHachette,
_c2012.
300 _a224 p. :
_b ill. ;
_c28 cm.
_e+cd.
541 _h48 Gel.
653 _aAlter Ego + A1
653 _aMethode de francais
653 _aФранцузский язык
653 _aფრანგული ენა, გრამატიკა
942 _cBK
_2udc